Tratado de polt̕ica criminal Fundamentos cientf̕icos y metodolg̤icos de la lucha contra el delito / Tomo I

Bibliographic Details
Main Author: Blanco Lozano, Carlos
Format: Unknown
Language:Spanish
Published: Barcelona : BOSCH EDITOR, 2006
Subjects:
Online Access:Acceso restringido

MARC

LEADER 00000ny a22000003n 4500
005 20110620150128.0
006 m u
007 cr cn|||||||||
008 200805r20062008sp |||||s|||||||||||spa d
020 |a 9788476987612 
035 |a 2013 
040 |a FlNmELB  |c FlNmELB  |d vlex 
050 1 4 |a KKT3790  |b B641 2006eb 
080 |a 343.9(460) 
090 |c 1202  |d 1202 
100 1 |a Blanco Lozano, Carlos 
245 1 0 |a Tratado de polt̕ica criminal  |h [Recurso electrn̤ico]  |b Fundamentos cientf̕icos y metodolg̤icos de la lucha contra el delito /  |c Carlos Blanco Lozano  |p Tomo I  
256 |a Servicio en ln̕ea 
260 |a Barcelona :  |b BOSCH EDITOR,  |c 2006 
300 |a 9-309 p 
506 1 |a Contenido solo disponible en los productos indicados  |d vLex Global  |d vLex Global (Academic Edition, excluding Law Schools)  |d vLex Global (U.S. Academic Edition, Law Schools)  |d vLex Global (U.S. Academic Edition, excluding Law Schools)  |d vLex Global (Academic Edition, Law Schools) 
650 0 7 |a Penal  |2 Tesauro vLex 
650 0 7 |a Polt̕ica criminal y criminologa̕  |2 Tesauro vLex 
740 0 |a vLex Libros (Servicios en ln̕ea) 
856 4 0 |u http://vlex.com/source/2013  |z Acceso restringido 
942 |c BOOK